000 00455nam a2200157Ia 4500
008 240729s9999 xx 000 0 und d
022 _a1998-3905
245 0 _aJournal of Indian Society of Pedodontics and Preventive Dentistry
260 _aIndia
260 _bWolters Kluwer Medknow Publications
650 _a Dentistry
650 _aMedicine
856 _uhttps://doaj.org/toc/1646201367e3435c8f6e57276cbe1e9c
942 _2ddc
942 _cDOAJEJ
999 _c71535
_d71535
945 _a1
_bMadushi Gamage
_c1
_dMadushi Gamage